000
00232nam a2200109Ia 4500
005
20251222144920.0
008
251222s9999||||xx |||||||||||||| ||spa||
082
_a
005.43/I59
245
0
_a
Windows 98
264
_b
INEI
942
_c
LIB
999
_c
22699
_d
22699